German States Quiz - Baden-Württemberg - Statistics

General Stats
  • This quiz has been taken 36 times
  • The average score is 14 of 18
Answer Stats
Hint Answer % Correct
Country bordering the state to the West France
97%
Capital of Baden-Württemberg Stuttgart
97%
Major lake on the German-Swiss border Lake Constance
94%
River that forms parts of the Western border Rhine
94%
The tallest church in the world is located in this city Ulm
90%
Major Swiss city directly bordering Baden-Württemberg in the South Basel
87%
Car manufacturer whose headquarters are located in the above; known for particularly luxurious cars Porsche
87%
Type of noodles, local delicacy of Swabia Spätzle
87%
The source of this major European river lies in Baden-Württemberg Danube
84%
Engineer of the very first practicable car - therefore, he is widely regarded as "father of the car" Carl Benz
81%
This "relatively" famous scientist was born in the above city Albert Einstein
74%
National Park in the South West; popular exports include cuckoo clocks Black Forest
74%
Formerly Royal German dynasty whose roots and seat lie in Baden-Württemberg; the three German emperors were members of this House Hohenzollern
68%
While many think of it as an American invention, this stuffed animal was actually invented by Richard Steiff in Baden-Württemberg Teddy Bear
68%
... in this city on the banks of Neckar river, to be exact Heidelberg
65%
Minister President as of 2024 Winfried Kretschmann
55%
In 1417, this religious leader was elected in today's Baden-Württemberg Pope
48%
This Royal, nowadays living in Drottningholm Castle, was actually born in Baden-Württemberg... Queen Silvia of Sweden
16%
No matching quizzes found
Score Distribution
Percent of People with Each Score
Percentile by Number Answered
Your Score History
You have not taken this quiz